1954年に誕生した市 - Statistics

General Stats
  • This quiz has been taken 94 times
  • The average score is 78 of 176
Answer Stats
都道府県名 市名 市制施行日 % Correct
青森県 五所川原市 10/1
69%
宮城県 白石市 4/1
66%
群馬県 沼田市 4/1
66%
岩手県 水沢市 4/1
64%
岩手県 花巻市 4/1
64%
岩手県 北上市 4/1
64%
福島県 相馬市 3/31
63%
群馬県 館林市 4/1
63%
富山県 黒部市 4/1
63%
青森県 黒石市 7/1
61%
栃木県 日光市 2/11
61%
群馬県 富岡市 4/1
61%
富山県 砺波市 4/1
61%
石川県 輪島市 3/31
61%
岩手県 久慈市 11/3
59%
山形県 上山市 10/1
59%
群馬県 渋川市 4/1
59%
山梨県 大月市 8/8
59%
秋田県 湯沢市 3/31
58%
秋田県 大曲市 5/3
58%
福島県 喜多方市 3/31
58%
茨城県 水海道市 7/10
58%
新潟県 燕市 3/31
58%
新潟県 村上市 3/31
58%
新潟県 糸魚川市 6/1
58%
茨城県 下館市 3/15
56%
栃木県 今市市 3/31
56%
群馬県 藤岡市 4/1
56%
埼玉県 本庄市 7/1
56%
福井県 大野市 7/1
56%
島根県 大田市 1/1
56%
北海道 紋別市 7/1
54%
岩手県 遠野市 12/1
54%
秋田県 本荘市 3/31
54%
秋田県 男鹿市 3/31
54%
山形県 寒河江市 8/1
54%
山形県 長井市 11/15
54%
福島県 原町市 3/20
54%
石川県 珠洲市 7/15
54%
佐賀県 鹿島市 4/1
54%
北海道 士別市 7/1
53%
山形県 村山市 11/1
53%
茨城県 石岡市 2/11
53%
栃木県 小山市 3/31
53%
栃木県 真岡市 10/1
53%
新潟県 直江津市 6/1
53%
富山県 滑川市 3/1
53%
福井県 勝山市 9/1
53%
山梨県 山梨市 7/1
53%
長野県 伊那市 4/1
53%
長野県 飯山市 8/1
53%
茨城県 常陸太田市 7/15
51%
茨城県 高萩市 11/23
51%
埼玉県 春日部市 7/1
51%
東京都 府中市 4/1
51%
長野県 中野市 7/1
51%
三重県 尾鷲市 6/20
51%
三重県 熊野市 11/3
51%
広島県 府中市 3/31
51%
福島県 須賀川市 3/31
49%
茨城県 勝田市 11/1
49%
栃木県 大田原市 12/1
49%
山梨県 韮崎市 10/10
49%
長野県 大町市 7/1
49%
岐阜県 瑞浪市 4/1
49%
北海道 江別市 7/1
47%
茨城県 那珂湊市 3/31
47%
千葉県 習志野市 8/1
47%
山梨県 都留市 4/29
47%
長野県 小諸市 4/1
47%
岐阜県 恵那市 4/1
47%
滋賀県 草津市 10/15
47%
山口県 長門市 3/31
47%
香川県 善通寺市 3/31
47%
茨城県 結城市 3/15
46%
埼玉県 加須市 5/3
46%
新潟県 十日町市 3/31
46%
岐阜県 美濃市 4/1
46%
静岡県 富士市 3/31
46%
三重県 鳥羽市 11/1
46%
島根県 江津市 4/1
46%
岡山県 新見市 6/1
46%
福島県 常磐市 3/31
44%
茨城県 下妻市 6/1
44%
埼玉県 飯能市 1/1
44%
埼玉県 岩槻市 7/1
44%
千葉県 成田市 3/31
44%
千葉県 佐倉市 3/31
44%
新潟県 小千谷市 3/10
44%
新潟県 両津市 11/3
44%
山梨県 塩山市 4/5
44%
長野県 駒ヶ根市 7/1
44%
静岡県 藤枝市 3/31
44%
静岡県 掛川市 3/31
44%
奈良県 天理市 4/1
44%
広島県 三次市 3/31
44%
広島県 大竹市 9/1
44%
山口県 美祢市 3/31
44%
埼玉県 鴻巣市 9/30
42%
千葉県 旭市 7/1
42%
神奈川県 逗子市 4/15
42%
新潟県 見附市 3/31
42%
新潟県 五泉市 11/3
42%
岐阜県 美濃加茂市 4/1
42%
佐賀県 武雄市 4/1
42%
佐賀県 多久市 5/1
42%
北海道 赤平市 7/1
41%
茨城県 龍ケ崎市 3/20
41%
埼玉県 狭山市 7/1
41%
神奈川県 相模原市 11/20
41%
愛知県 守山市 6/1
41%
滋賀県 近江八幡市 3/31
41%
島根県 安来市 4/1
41%
岡山県 高梁市 5/1
41%
愛媛県 川之江市 11/1
41%
高知県 中村市 3/31
41%
高知県 土佐清水市 8/1
41%
佐賀県 鳥栖市 4/1
41%
千葉県 八日市場市 7/1
39%
新潟県 加茂市 3/10
39%
長野県 須坂市 4/1
39%
愛知県 犬山市 4/1
39%
三重県 名張市 3/31
39%
三重県 亀山市 10/1
39%
山口県 柳井市 3/31
39%
愛媛県 伊予三島市 11/1
39%
佐賀県 伊万里市 4/1
39%
福島県 磐城市 3/31
37%
埼玉県 東松山市 7/1
37%
埼玉県 羽生市 9/1
37%
滋賀県 八日市市 8/15
37%
兵庫県 高砂市 7/1
37%
奈良県 大和郡山市 1/1
37%
高知県 宿毛市 3/31
37%
高知県 須崎市 10/1
37%
福岡県 行橋市 10/10
37%
兵庫県 宝塚市 4/1
36%
愛媛県 大洲市 9/1
36%
高知県 安芸市 8/1
36%
福岡県 大川市 4/1
36%
新潟県 栃尾市 6/1
34%
広島県 庄原市 3/31
34%
長崎県 福江市 4/1
34%
鹿児島県 出水市 4/1
34%
福島県 内郷市 7/10
32%
千葉県 東金市 4/1
32%
新潟県 新井市 11/1
32%
愛知県 常滑市 4/1
32%
愛知県 蒲郡市 4/1
32%
京都府 宮津市 6/1
32%
兵庫県 川西市 8/1
32%
和歌山県 御坊市 4/1
32%
岡山県 総社市 3/31
32%
鹿児島県 指宿市 4/1
32%
岐阜県 羽島市 4/1
31%
福岡県 山田市 4/1
31%
熊本県 山鹿市 4/1
31%
鹿児島県 大口市 4/1
31%
兵庫県 三木市 6/1
29%
熊本県 玉名市 4/1
29%
熊本県 本渡市 4/1
29%
大分県 竹田市 3/31
29%
愛知県 江南市 6/1
27%
福岡県 甘木市 4/1
27%
福岡県 八女市 4/1
27%
熊本県 牛深市 7/1
27%
大分県 豊後高田市 5/31
27%
宮崎県 串間市 11/3
27%
大分県 鶴崎市 3/31
25%
千葉県 東葛市 9/1
24%
兵庫県 小野市 12/1
24%
福岡県 筑後市 4/1
24%
東京都 昭島市 5/1
22%
広島県 松永市 3/31
20%
鹿児島県 加世田市 7/15
20%
大阪府 河内長野市 4/1
8%
No matching quizzes found
Score Distribution
Percent of People with Each Score
Percentile by Number Answered
Your Score History
You have not taken this quiz